Introducción a la teoría de autómatas, lenguajes y computación

Gorde:
Xehetasun bibliografikoak
Egile Nagusiak: Hopcroft, John E (Egilea), Motwani, Rajeev (Egilea), Ullman, Jeffrey D (Egilea)
Formatua: Liburua
Hizkuntza:gaztelania
Argitaratua: Madrid Pearson Educación 2002
Edizioa:2a. ed
Gaiak:
Etiketak: Etiketa erantsi
Etiketarik gabe, Izan zaitez lehena erregistro honi etiketa jartzen!

MARC

LEADER 00000cam a2200000 a 4500
001 UCM6038
003 CL-VaPUC
008 021025e20020000SP |||||||||||||||||spa|d
020 |a 8478290567 
082 0 4 |a 004  |b HOP  |2 21 
100 |a Hopcroft, John E  |e author  |9 532071 
700 0 |a Motwani, Rajeev  |e author  |9 472038 
700 0 |a Ullman, Jeffrey D  |e author  |9 472039 
245 1 0 |a Introducción a la teoría de autómatas, lenguajes y computación 
250 |a 2a. ed 
300 |a 562 p 
942 |c BK 
945 |d 20021025 00:00:00  |a cmena 
260 |a Madrid  |b Pearson Educación  |c 2002 
650 0 |a Lenguajes de programación   |9 259458 
650 0 |a lenguajes formales  |9 271030 
650 0 |a Alfabetos  |9 265604 
650 0 |a Gramática  |9 270497 
650 7 |a TEORIA DE LAS MAQUINAS  |2 CL-VaPUC  |9 270182 
650 0 |a Computadores  |9 258188 
583 |a last modification  |c 20150106 02:42:29  |k Rodrigo Vera 
999 |c 301704  |d 301702 
952 |0 0  |1 0  |2 ddc  |4 0  |6 004_000000000000000_HOP_2002  |7 0  |8 A  |9 361218  |a BIBING  |b BIBING  |c RES  |d 2019-11-21  |i 3854191  |o 004 HOP 2002  |p 3854191  |r 2025-01-20  |w 2019-11-21  |y BK  |k CCI 
952 |0 0  |1 0  |2 ddc  |4 0  |6 004_000000000000000_HOP_2002  |7 0  |8 A  |9 361219  |a BIBING  |b BIBING  |c RES  |d 2019-11-21  |i 3854205  |o 004 HOP 2002  |p 3854205  |r 2025-01-20  |w 2019-11-21  |y BK  |k CCI 
952 |0 0  |1 0  |2 ddc  |4 0  |6 004_000000000000000_HOP_2002  |7 0  |8 A  |9 361220  |a BIBING  |b BIBING  |c RES  |d 2019-11-21  |i 3854213  |o 004 HOP 2002  |p 3854213  |r 2025-01-20  |w 2019-11-21  |y BK  |k CCI 
952 |0 0  |1 0  |2 ddc  |4 0  |6 004_000000000000000_HOP_2002  |7 0  |8 A  |9 361221  |a BIBING  |b BIBING  |c RES  |d 2019-11-21  |i 3854221  |o 004 HOP 2002  |p 3854221  |r 2025-01-20  |w 2019-11-21  |y BK  |k CCI 
952 |0 0  |1 0  |2 ddc  |4 0  |6 004_000000000000000_HOP_2002  |7 0  |8 A  |9 361222  |a BIBING  |b BIBING  |c RES  |d 2019-11-21  |i 385423K  |o 004 HOP 2002  |p 385423K  |r 2025-01-20  |w 2019-11-21  |y BK  |k CCI 
952 |0 0  |1 0  |2 ddc  |4 0  |6 004_000000000000000_HOP_2002  |7 0  |8 A  |9 361223  |a BIBING  |b BIBING  |c RES  |d 2019-11-21  |i 3887448  |o 004 HOP 2002  |p 3887448  |r 2025-01-20  |w 2019-11-21  |y BK  |k CCI 
952 |0 0  |1 0  |2 ddc  |4 0  |6 004_000000000000000_HOP_2002  |7 0  |8 A  |9 361224  |a BIBING  |b BIBING  |c RES  |d 2019-11-21  |i 3887340  |o 004 HOP 2002  |p 3887340  |r 2025-01-20  |w 2019-11-21  |y BK  |k CCI 
952 |0 0  |1 0  |2 ddc  |4 0  |6 004_000000000000000_HOP_2002  |7 0  |8 A  |9 361225  |a BIBING  |b BIBING  |c RES  |d 2019-11-21  |i 3887359  |o 004 HOP 2002  |p 3887359  |r 2025-01-20  |w 2019-11-21  |y BK  |k CCI 
952 |0 0  |1 0  |2 ddc  |4 0  |6 004_000000000000000_HOP_2002  |7 0  |8 A  |9 361226  |a BIBING  |b BIBING  |c RES  |d 2019-11-21  |i 3887367  |o 004 HOP 2002  |p 3887367  |r 2025-01-20  |w 2019-11-21  |y BK  |k CCI 
952 |0 0  |1 0  |2 ddc  |4 0  |6 004_000000000000000_HOP_2002  |7 0  |8 A  |9 361227  |a BIBING  |b BIBING  |c RES  |d 2019-11-21  |i 3887375  |o 004 HOP 2002  |p 3887375  |r 2025-01-20  |w 2019-11-21  |y BK  |k CCI 
952 |0 0  |1 0  |2 ddc  |4 0  |6 004_000000000000000_HOP_2002  |7 0  |8 A  |9 361228  |a BIBING  |b BIBING  |c RES  |d 2019-11-21  |i 3887383  |o 004 HOP 2002  |p 3887383  |r 2025-01-20  |w 2019-11-21  |y BK  |k CCI 
952 |0 0  |1 0  |2 ddc  |4 0  |6 004_000000000000000_HOP_2002  |7 0  |8 A  |9 361229  |a BIBING  |b BIBING  |c RES  |d 2019-11-21  |i 3887391  |o 004 HOP 2002  |p 3887391  |r 2025-01-20  |w 2019-11-21  |y BK  |k CCI 
952 |0 0  |1 0  |2 ddc  |4 0  |6 004_000000000000000_HOP_2002  |7 0  |8 A  |9 361230  |a BIBING  |b BIBING  |c RES  |d 2019-11-21  |i 3887405  |o 004 HOP 2002  |p 3887405  |r 2025-01-20  |w 2019-11-21  |y BK  |k CCI 
952 |0 0  |1 0  |2 ddc  |4 0  |6 004_000000000000000_HOP_2002  |7 0  |8 A  |9 361231  |a BIBING  |b BIBING  |c RES  |d 2019-11-21  |i 3887413  |o 004 HOP 2002  |p 3887413  |r 2025-01-20  |w 2019-11-21  |y BK  |k CCI 
952 |0 0  |1 0  |2 ddc  |4 0  |6 004_000000000000000_HOP_2002  |7 0  |8 A  |9 361232  |a BIBING  |b BIBING  |c RES  |d 2019-11-21  |i 3887421  |o 004 HOP 2002  |p 3887421  |r 2025-01-20  |w 2019-11-21  |y BK  |k CCI 
952 |0 0  |1 0  |2 ddc  |4 0  |6 004_000000000000000_HOP_2002  |7 0  |8 A  |9 361233  |a BIBING  |b BIBING  |c RES  |d 2019-11-21  |i 388743K  |o 004 HOP 2002  |p 388743K  |r 2025-01-20  |w 2019-11-21  |y BK  |k CCI 
952 |0 0  |1 0  |2 ddc  |4 0  |6 004_000000000000000_HOP_2002  |7 0  |8 A  |9 361234  |a BIBING  |b BIBING  |c RES  |d 2019-11-21  |i 3887456  |o 004 HOP 2002  |p 3887456  |r 2025-01-20  |w 2019-11-21  |y BK  |k CCI 
952 |0 0  |1 0  |2 ddc  |4 0  |6 004_000000000000000_HOP_2002  |7 0  |8 A  |9 361235  |a BIBING  |b BIBING  |c RES  |d 2019-11-21  |i 3887464  |o 004 HOP 2002  |p 3887464  |r 2025-01-20  |w 2019-11-21  |y BK  |k CCI 
952 |0 0  |1 0  |2 ddc  |4 0  |6 004_000000000000000_HOP_2002  |7 0  |8 A  |9 361236  |a BIBING  |b BIBING  |c RES  |d 2019-11-21  |i 3887472  |o 004 HOP 2002  |p 3887472  |r 2025-01-20  |w 2019-11-21  |y BK  |k CCI 
952 |0 0  |1 0  |2 ddc  |4 0  |6 004_000000000000000_HOP_2002  |7 0  |8 A  |9 361237  |a BIBING  |b BIBING  |c RES  |d 2019-11-21  |i 3887480  |o 004 HOP 2002  |p 3887480  |r 2025-01-20  |w 2019-11-21  |y BK  |k CCI 
952 |0 0  |1 0  |2 ddc  |4 0  |6 004_000000000000000_HOP_2002  |7 0  |8 A  |9 361238  |a BIBING  |b BIBING  |c RES  |d 2019-11-21  |i 3887499  |o 004 HOP 2002  |p 3887499  |r 2025-01-20  |w 2019-11-21  |y BK  |k CCI 
952 |0 0  |1 0  |2 ddc  |4 0  |6 004_000000000000000_HOP_2002  |7 0  |8 A  |9 361239  |a BIBING  |b BIBING  |c RES  |d 2019-11-21  |i 3887502  |o 004 HOP 2002  |p 3887502  |r 2025-01-20  |w 2019-11-21  |y BK  |k CCI 
952 |0 0  |1 0  |2 ddc  |4 0  |6 004_000000000000000_HOP_2002  |7 0  |8 A  |9 361240  |a BIBING  |b BIBING  |c RES  |d 2019-11-21  |i 3887510  |o 004 HOP 2002  |p 3887510  |r 2025-01-20  |w 2019-11-21  |y BK  |k CCI 
952 |0 0  |1 0  |2 ddc  |4 0  |6 004_000000000000000_HOP_2002  |7 0  |8 A  |9 361241  |a BIBING  |b BIBING  |c RES  |d 2019-11-21  |i 3887529  |o 004 HOP 2002  |p 3887529  |r 2025-01-20  |w 2019-11-21  |y BK  |k CCI 
952 |0 0  |1 0  |2 ddc  |4 0  |6 004_000000000000000_HOP_2002  |7 0  |8 A  |9 361242  |a BIBING  |b BIBING  |c RES  |d 2019-11-21  |i 3887537  |o 004 HOP 2002  |p 3887537  |r 2025-01-20  |w 2019-11-21  |y BK  |k CCI 
952 |0 0  |1 0  |2 ddc  |4 0  |6 004_000000000000000_HOP_2002  |7 0  |8 A  |9 361243  |a BIBING  |b BIBING  |c RES  |d 2019-11-21  |i 4834542  |o 004 HOP 2002  |p 4834542  |r 2025-01-20  |w 2019-11-21  |y BK  |k CCI